San Miguel : carta topográfica /

Carta topográfica de la región circundante a San Miguel, Nayarit. Cubre, hacia el norte, San Diego de Alcalá; al sur, Los Petates; al este, El Resbalón, y al oeste, La Olla, todas ellas, poblaciones en el estado de Nayarit.

Gespeichert in:
Bibliographische Detailangaben
Körperschaft: Instituto Nacional de Estadística, Geografía e Informática
Format: Karte
Ausgabe:2a edición
Schriftenreihe:(Carta Topográfica)
Schlagworte:
Tags: Tag hinzufügen
Keine Tags, Fügen Sie das erste Tag hinzu!

MARC

LEADER 00000nem^a2200000^a^4500
001 000156690
005 20250521000000.0
009 20260310100511.668
037 |a Acervo ITESO - Biblioteca 
041 |a GRA 
093 |a F-13-A-79 
110 |a Instituto Nacional de Estadística, Geografía e Informática 
240 1 1 |a [San Miguel, materiales cartográficos] 
245 1 0 |a San Miguel :  |b carta topográfica /  |c INEGI. 
250 |a 2a edición 
255 |a Escala 1 : 50 000 ;  |b Proyección Universal Transversa de Mercator 
264 |a Aguascalientes, México :  |b Instituto Nacional de Estadística, Geografía e Informática, Dirección General de Geografía,  |c 2003 
300 |a 1 mapa 
336 |a imagen cartográfica estática  |b cri  |2 rdacontenido 
337 |a sin mediación  |b n  |2 rdamedio 
338 |a mapa  |b nz  |2 rdasoporte 
440 1 |a (Carta Topográfica) 
520 |a Carta topográfica de la región circundante a San Miguel, Nayarit. Cubre, hacia el norte, San Diego de Alcalá; al sur, Los Petates; al este, El Resbalón, y al oeste, La Olla, todas ellas, poblaciones en el estado de Nayarit. 
522 |a Cartas adyacentes: F13A68, F13A69, F13B61, F13A78, F13B71, F13A88, F13A89, F13B81 
522 |a Carta formada por métodos fotogramétricos a partir de fotografías obtenidas en junio de 1999 
546 |a Edición gráfica con texto en español 
649 |a XX 
650 |a Topografía -  |z México 
650 |a Río San Pedro 
650 |a San Miguel, Nayarit -  |x Mapas 
650 |a La Paloma, Nayarit -  |x Mapas 
650 |a Tierra Generosa, Nayarit -  |x Mapas 
650 |a San Pedro de Honor, Nayarit -  |x Mapas 
650 |a El Resbalón, Nayarit -  |x Mapas 
650 |a San Diego de Alcalá, Nayarit -  |x Mapas 
650 |a La Olla, Nayarit -  |x Mapas 
650 |a Los Petates, Nayarit -  |x Mapas 
650 |a Motaje, Nayarit -  |x Mapas 
650 |a El Resbalón, Nayarit -  |x Mapas 
650 |a Nayarit -  |x Mapas 
650 |a México -  |x Mapas 
910 |a Fondo General 
920 |a Gráficos - Mapas 
905 |a 503 
901 |a 0500047906  |b IT2  |c MAP  |u 20250521 
902 |a https://opac.biblio.iteso.mx/vufind/Record/000156690